[Event "Ct. Catalunya eq DH"]
[Site "?"]
[Date "2013.01.19"]
[Round "1.5"]
[White "Geske, J."]
[Black "Pueyo Burrell, D."]
[Result "1-0"]
[WhiteElo "2390"]
[BlackElo "2306"]
[PlyCount "109"]
[EventDate "2013.??.??"]
[EventType "tourn"]
[EventRounds "11"]

1. e4 c5 2. Nf3 Nc6 3. d4 cxd4 4. Nxd4 g6 5. Nc3 Bg7 6. Be3 Nf6 7. Bc4 O-O 8.
Bb3 Qc7 9. O-O a6 10. Re1 Na5 11. Bg5 d6 12. Bxf6 exf6 13. Qd3 Nxb3 14. axb3
Be6 15. Rad1 Rad8 16. f4 Rfe8 17. f5 Bd7 18. Kh1 Bc6 19. Nxc6 Qxc6 20. Nd5 Re5
21. Rf1 Rde8 22. Nc3 Rd8 23. h3 Kh8 24. Ra1 Rc5 25. Rf2 Qe8 26. Ra4 Qe5 27. Rd4
Ra5 28. Rf1 Rc5 29. Rd1 Bf8 30. Nd5 Bh6 31. c3 Bg5 32. Rf1 h5 33. Qf3 Kg7 34.
Rb4 gxf5 35. Qxf5 Qxf5 36. Rxf5 Re8 37. g3 h4 38. Kg2 hxg3 39. Kxg3 b5 40. Rd4
Rh8 41. Rf1 Bh4+ 42. Kg4 Bg5 43. Ne7 Be3 44. Rd5 Rxd5 45. exd5 Bg5 46. Nf5+ Kg6
47. h4 Bh6 48. Nxd6 Rd8 49. Nf5 Bf8 50. d6 Bxd6 51. Rd1 Bc7 52. Rxd8 Bxd8 53.
h5+ Kh7 54. c4 b4 55. c5 1-0

[Event "Ct. Catalunya eq DH"]
[Site "?"]
[Date "2013.01.19"]
[Round "1.5"]
[White "Panelo Muñoz, MA."]
[Black "Sanchez Ibern, M."]
[Result "1-0"]
[WhiteElo "2468"]
[BlackElo "2403"]
[PlyCount "137"]
[EventDate "2013.??.??"]
[EventType "tourn"]
[EventRounds "11"]

1. d4 Nf6 2. c4 g6 3. Nc3 d5 4. Nf3 Bg7 5. Qb3 dxc4 6. Qxc4 Na6 7. e4 O-O 8.
Be2 c5 9. d5 e6 10. O-O exd5 11. exd5 Re8 12. Rd1 Bf5 13. d6 Ne4 14. d7 Re7 15.
Nxe4 Rxe4 16. Bg5 Bf6 17. Bxf6 Qxf6 18. Qc3 Qe7 19. Bd3 Re6 20. Bxf5 gxf5 21.
Ne5 Rd8 22. Qg3+ Kf8 23. Nf3 Rxd7 24. Qh3 Rxd1+ 25. Rxd1 Re2 26. Qxh7 Qf6 27.
Qh5 Re8 28. h3 Nc7 29. Rd7 Re7 30. Rd8+ Re8 31. Ng5 Ke7 32. Rd2 Ne6 33. Nxe6
fxe6 34. Qh7+ Kf8 35. Qxb7 Qe5 36. Rd1 Qb8 37. Qc6 Qb6 38. Qd6+ Qxd6 39. Rxd6
Ke7 40. Rc6 Rd8 41. Rxc5 Rd1+ 42. Kh2 Rd2 43. Kg3 Rxb2 44. Rc7+ Kf6 45. Rxa7 e5
46. Ra6+ Kg5 47. h4+ Kh5 48. f3 f4+ 49. Kh3 Rb1 50. g4+ fxg3 51. Kxg3 Rg1+ 52.
Kf2 Rh1 53. Ra4 Kg6 54. Ke3 Kf5 55. Ra8 Re1+ 56. Kf2 Ra1 57. Ra4 Rc1 58. Ra6
Rh1 59. Kg3 Rg1+ 60. Kh2 Rg8 61. h5 Rf8 62. h6 Kf4 63. Kg2 Rg8+ 64. Kf2 Rc8 65.
h7 Rc2+ 66. Kg1 Rc8 67. Rh6 Rh8 68. Kf2 Kg5 69. Rh1 1-0

[Event "Ct. Catalunya eq DH"]
[Site "?"]
[Date "2013.01.19"]
[Round "1.6"]
[White "Alexandrova, O."]
[Black "Oms Pallisse, J."]
[Result "1/2-1/2"]
[WhiteElo "2418"]
[BlackElo "2546"]
[PlyCount "58"]
[EventDate "2013.??.??"]
[EventType "tourn"]
[EventRounds "11"]

1. d4 Nf6 2. c4 e6 3. Nc3 Bb4 4. e3 O-O 5. Bd3 c5 6. Nf3 Nc6 7. O-O d6 8. Qc2
Bxc3 9. Qxc3 e5 10. dxe5 dxe5 11. Nd2 Qe7 12. Ne4 Bf5 13. Nxf6+ Qxf6 14. Be2
Rad8 15. b3 Qg6 16. Rd1 Rxd1+ 17. Bxd1 Rd8 18. Be2 Be4 19. g3 Qf5 20. Bb2 Bf3
21. Qe1 h5 22. Bc3 Qg4 23. h3 Qf5 24. Kh2 e4 25. Rd1 Rxd1 26. Qxd1 Bxe2 27.
Qxe2 Qf3 28. Qxf3 exf3 29. g4 h4 1/2-1/2

[Event "Ct. Catalunya eq DH"]
[Site "?"]
[Date "2013.01.19"]
[Round "1.6"]
[White "Bofill Mas, A."]
[Black "Fernandez Cazorla, A."]
[Result "1-0"]
[WhiteElo "2350"]
[BlackElo "2303"]
[PlyCount "119"]
[EventDate "2013.??.??"]
[EventType "tourn"]
[EventRounds "11"]

1. c4 e5 2. g3 Nf6 3. Bg2 d5 4. cxd5 Nxd5 5. Nf3 Nc6 6. O-O Nb6 7. d3 Be7 8. a3
a5 9. Nbd2 Be6 10. b3 O-O 11. Bb2 f6 12. Qc2 Qd7 13. Rfd1 Kh8 14. Nc4 Nxc4 15.
bxc4 a4 16. d4 exd4 17. Nxd4 Nxd4 18. Rxd4 Qc8 19. Be4 f5 20. Bd5 c6 21. Bxe6
Qxe6 22. Rad1 b5 23. R4d3 Bf6 24. Rd6 Qxc4 25. Rxc6 Qxc2 26. Rxc2 g6 27. Bxf6+
Rxf6 28. Rd7 Rb6 29. Rcc7 h5 30. h4 b4 31. axb4 a3 32. Rh7+ Kg8 33. Rcg7+ Kf8
34. Rf7+ Kg8 35. Rfg7+ Kf8 36. Ra7 Rxa7 37. Rxa7 Rxb4 38. Rxa3 Rb2 39. Kf1 Kf7
40. Ra6 Rc2 41. f3 Rb2 42. Kf2 Rb3 43. Rd6 Ra3 44. Rd3 Ra4 45. Ke3 Ra2 46. Rb3
Rc2 47. Rb7+ Ke6 48. Rb6+ Kf7 49. Ra6 Rb2 50. Kd3 Kg7 51. Ke3 Kf7 52. Rc6 Ra2
53. Rc3 Rb2 54. Kf4 Rxe2 55. Kg5 Rg2 56. f4 Rg1 57. Ra3 Rg2 58. Ra7+ Ke6 59.
Ra6+ Kd5 60. Ra3 1-0

[Event "Ct. Catalunya eq DH"]
[Site "?"]
[Date "2013.01.19"]
[Round "1.6"]
[White "Castellano Egea, E."]
[Black "Grafl, F."]
[Result "0-1"]
[WhiteElo "2296"]
[BlackElo "2416"]
[PlyCount "82"]
[EventDate "2013.??.??"]
[EventType "tourn"]
[EventRounds "11"]

1. e4 d5 2. Nc3 dxe4 3. Nxe4 Qd5 4. d3 Nc6 5. Nf3 Bf5 6. Ng3 Bg6 7. Be2 e6 8.
O-O Be7 9. c4 Qd7 10. d4 Bf6 11. Be3 Nge7 12. Qa4 O-O 13. Rfd1 Rfd8 14. Qb3 b6
15. Bd3 Bxd3 16. Rxd3 Ng6 17. Rad1 Qe8 18. Nh5 Be7 19. Nf4 Nxf4 20. Bxf4 Bf6
21. Be5 Bxe5 22. Nxe5 Rd6 23. Qc3 Rad8 24. Nf3 a5 25. c5 Rd5 26. a3 Qd7 27.
R3d2 h6 28. b4 axb4 29. axb4 b5 30. Kf1 f6 31. Qb3 Kf7 32. Qc3 Qe8 33. Qb3 Ra8
34. Rb1 Ra4 35. Re2 Rxb4 36. Qd1 Rxb1 37. Qxb1 Nxd4 38. Nxd4 Rxd4 39. Qb3 Qd7
40. g3 Rd1+ 41. Kg2 Qd5+ 0-1

[Event "Ct. Catalunya eq DH"]
[Site "?"]
[Date "2013.01.19"]
[Round "1.6"]
[White "Draghici Flutor, G."]
[Black "Fassnacht, P."]
[Result "1-0"]
[WhiteElo "2207"]
[BlackElo "2204"]
[PlyCount "67"]
[EventDate "2013.??.??"]
[EventType "tourn"]
[EventRounds "11"]

1. e4 d6 2. d4 Nf6 3. Nc3 c6 4. f4 Qa5 5. Bd3 e5 6. Nf3 Bg4 7. Be3 Nbd7 8. O-O
Be7 9. h3 Bxf3 10. Qxf3 h5 11. a3 Qc7 12. b4 a6 13. Bc4 Rd8 14. Qg3 Kf8 15.
Rad1 a5 16. Kh1 axb4 17. axb4 h4 18. Qf3 exd4 19. Bxd4 Nh5 20. Ne2 b5 21. Ba2
Rh6 22. Qb3 d5 23. exd5 Ndf6 24. d6 Bxd6 25. Bb6 Nd5 26. Bxc7 Bxc7 27. Qf3 Re8
28. Bxd5 Rxe2 29. Rfe1 Ng3+ 30. Kh2 Rxc2 31. Bxf7 Rf6 32. Qe3 Nf1+ 33. Rxf1 g5
34. Qe8+ 1-0

[Event "Ct. Catalunya eq DH"]
[Site "?"]
[Date "2013.01.19"]
[Round "1.6"]
[White "Pijuan Herranz, M."]
[Black "Martinez Ramirez, E."]
[Result "0-1"]
[WhiteElo "2327"]
[BlackElo "2373"]
[PlyCount "114"]
[EventDate "2013.??.??"]
[EventType "tourn"]
[EventRounds "11"]

1. d4 Nf6 2. Nf3 g6 3. g3 Bg7 4. Bg2 O-O 5. O-O d5 6. c4 Nc6 7. cxd5 Nxd5 8. e4
Nb6 9. d5 Na5 10. Nc3 c6 11. dxc6 Nxc6 12. h3 Be6 13. Re1 Rc8 14. Qe2 Nb4 15.
Rd1 Qc7 16. Bf4 Qc4 17. Qd2 Bxc3 18. bxc3 Nxa2 19. Ne5 Qxc3 20. Rxa2 Bxa2 21.
Qxa2 g5 22. Rc1 Qd4 23. Rxc8 Nxc8 24. Nxf7 gxf4 25. Ng5+ Kh8 26. Ne6 Qd1+ 27.
Bf1 Rf6 28. e5 Rf5 29. Nxf4 Qd7 30. Qc2 Rf8 31. Qb2 e6 32. Bc4 Qc6 33. Qb4 Rd8
34. Qb3 Qb6 35. Qf3 Qd4 36. Nd3 Qxc4 37. Qf6+ Kg8 38. Qxd8+ Kf7 39. Qf6+ Ke8
40. Nf4 Kd7 41. Qf7+ Ne7 42. Qxh7 Qc1+ 43. Kg2 Qc6+ 44. Kh2 Qc5 45. Nd3 Qd4 46.
f4 b6 47. f5 exf5 48. Nf4 Qxe5 49. h4 a5 50. h5 a4 51. Ng6 Qe2+ 52. Kh3 a3 53.
Nxe7 Qxe7 54. Qg8 f4 55. Qd5+ Qd6 56. Qb7+ Kd8 57. gxf4 Qd7+ 0-1

[Event "Ct. Catalunya eq DH"]
[Site "?"]
[Date "2013.01.19"]
[Round "1.6"]
[White "Ryan, J."]
[Black "Jose Abril, R."]
[Result "1/2-1/2"]
[WhiteElo "2363"]
[BlackElo "2397"]
[PlyCount "52"]
[EventDate "2013.??.??"]
[EventType "tourn"]
[EventRounds "11"]

1. d4 Nf6 2. Nf3 e6 3. e3 c5 4. Bd3 b6 5. O-O Bb7 6. c4 g6 7. Nc3 Bg7 8. e4
cxd4 9. Nxd4 d6 10. f3 O-O 11. Bg5 a6 12. Qd2 Qc7 13. Kh1 Nbd7 14. Rac1 Rac8
15. Rfd1 Rfe8 16. Bf1 Qb8 17. Bh6 Bxh6 18. Qxh6 Rc5 19. Nb3 Re5 20. Qd2 d5 21.
cxd5 exd5 22. exd5 Nxd5 23. Nxd5 Rxd5 24. Qc3 Qd6 25. Rxd5 Qxd5 26. Qd4 Qxd4
1/2-1/2

[Event "Ct. Catalunya eq DH"]
[Site "?"]
[Date "2013.01.19"]
[Round "1.7"]
[White "Castellet Giralt, G."]
[Black "Ramirez Garcia, JA."]
[Result "1-0"]
[WhiteElo "2285"]
[BlackElo "2284"]
[PlyCount "71"]
[EventDate "2013.??.??"]
[EventType "tourn"]
[EventRounds "11"]

1. d4 e6 2. c4 Nf6 3. Nc3 Bb4 4. Qc2 d5 5. cxd5 exd5 6. Bg5 h6 7. Bh4 g5 8. Bg3
Ne4 9. O-O-O Bxc3 10. bxc3 Qe7 11. Qb2 Nc6 12. f3 Nxg3 13. hxg3 Bf5 14. e4 dxe4
15. d5 Ne5 16. Re1 O-O-O 17. fxe4 Rxd5 18. Nh3 Ng4 19. Ba6 bxa6 20. exd5 Ne5
21. Nf2 Qd6 22. Qb3 f6 23. Rd1 Qc5 24. Rd4 h5 25. Qb4 Qxb4 26. Rxb4 Rd8 27. Rd4
c5 28. dxc6 Rxd4 29. cxd4 Nxc6 30. Rxh5 Nxd4 31. Rh6 Be6 32. Rxf6 Bxa2 33. Rxa6
Bb3 34. Rxa7 Ne2+ 35. Kb2 Bd5 36. Ra5 1-0

[Event "Ct. Catalunya eq DH"]
[Site "?"]
[Date "2013.01.19"]
[Round "1.7"]
[White "Espinoza Palomino, W."]
[Black "Casanellas Ruano, L."]
[Result "1-0"]
[WhiteElo "2290"]
[BlackElo "2290"]
[PlyCount "81"]
[EventDate "2013.??.??"]
[EventType "tourn"]
[EventRounds "11"]

1. e4 c6 2. d4 d5 3. Nc3 dxe4 4. Nxe4 Bf5 5. Ng3 Bg6 6. h4 h6 7. Nf3 Nd7 8. h5
Bh7 9. Bd3 Bxd3 10. Qxd3 e6 11. Bd2 Ngf6 12. O-O-O Be7 13. Qe2 O-O 14. Rhe1 Re8
15. Ne5 c5 16. Nxd7 Qxd7 17. dxc5 Qa4 18. Kb1 Bxc5 19. Bc3 Nd5 20. Ne4 Nxc3+
21. Nxc3 Qc6 22. Ne4 Bb4 23. c3 Be7 24. g4 Rad8 25. f4 Rxd1+ 26. Rxd1 Rd8 27.
Rxd8+ Bxd8 28. Qd3 Bc7 29. f5 exf5 30. gxf5 f6 31. c4 b6 32. Qd5+ Qxd5 33. cxd5
Kf7 34. Kc2 Ke7 35. a4 Kd7 36. Kd3 Be5 37. b4 Kc7 38. Kc4 a6 39. a5 bxa5 40.
bxa5 Bf4 41. Nc5 1-0

[Event "Ct. Catalunya eq DH"]
[Site "?"]
[Date "2013.01.19"]
[Round "1.7"]
[White "Gutierrez Clares, J."]
[Black "Garrido Fernandez, D."]
[Result "1-0"]
[WhiteElo "2321"]
[BlackElo "2370"]
[PlyCount "67"]
[EventDate "2013.??.??"]
[EventType "tourn"]
[EventRounds "11"]

1. d4 f5 2. Bg5 h6 3. Bh4 g5 4. e3 Nf6 5. Bg3 e6 6. h4 Rg8 7. hxg5 hxg5 8. Nc3
d6 9. f3 Nc6 10. Qd2 Bd7 11. O-O-O Qe7 12. e4 fxe4 13. fxe4 O-O-O 14. Bb5 Bg7
15. Nge2 Ng4 16. Kb1 Rdf8 17. Rhf1 Rxf1 18. Rxf1 Bf6 19. Qd3 Rf8 20. a3 Qg7 21.
Rd1 Kb8 22. e5 dxe5 23. Bxc6 Bxc6 24. dxe5 Be7 25. Nd4 Nxe5 26. Qe2 Ng6 27.
Nxe6 Qf6 28. Bxc7+ Kc8 29. Nxf8 Nxf8 30. Bg3 Qe6 31. Qf2 b6 32. Re1 Qf6 33. Qe2
Bc5 34. Qa6+ 1-0

[Event "Ct. Catalunya eq DH"]
[Site "?"]
[Date "2013.01.19"]
[Round "1.7"]
[White "Perez Mañas, B."]
[Black "Bautista Sanchez, J."]
[Result "1/2-1/2"]
[WhiteElo "2381"]
[BlackElo "2294"]
[PlyCount "105"]
[EventDate "2013.??.??"]
[EventType "tourn"]
[EventRounds "11"]

1. c4 Nf6 2. Nf3 c6 3. d4 d5 4. Nc3 g6 5. cxd5 Nxd5 6. e4 Nxc3 7. bxc3 Bg7 8.
Bc4 O-O 9. O-O c5 10. h3 Nc6 11. Be3 Qa5 12. Rc1 cxd4 13. cxd4 Bd7 14. d5 Ne5
15. Nxe5 Bxe5 16. f4 Bd6 17. Qe2 Bc5 18. Bb3 Rfc8 19. Rxc5 Rxc5 20. Qf2 Rac8
21. f5 gxf5 22. Qg3+ Kh8 23. Qe5+ f6 24. Qxe7 Qc3 25. Kh1 R5c7 26. Bh6 Ba4 27.
Bg7+ Kg8 28. d6+ Bxb3 29. dxc7 Qxc7 30. Qxc7 Rxc7 31. Bxf6 Bxa2 32. Rxf5 Bb1
33. Rg5+ Kf8 34. e5 Ba2 35. Kg1 Rd7 36. Kf2 Kf7 37. Rg7+ Ke6 38. Rg8 b5 39. Rb8
Bc4 40. Ke3 a5 41. Rb6+ Kf7 42. Bh4 a4 43. e6+ Bxe6 44. Rxb5 a3 45. Ra5 a2 46.
Be1 Rc7 47. Kd3 Rc1 48. Bc3 Rg1 49. Ra7+ Kf8 50. Ra8+ Ke7 51. Ra7+ Kd6 52. Ra6+
Kd7 53. Ra7+ 1/2-1/2

[Event "Ct. Catalunya eq DH"]
[Site "?"]
[Date "2013.01.19"]
[Round "1.7"]
[White "Ribera Baztan, J."]
[Black "Gallego Bergada, A."]
[Result "1-0"]
[WhiteElo "2190"]
[BlackElo "2204"]
[PlyCount "79"]
[EventDate "2013.??.??"]
[EventType "tourn"]
[EventRounds "11"]

1. d4 e6 2. c4 f5 3. Nf3 Nf6 4. g3 d5 5. Bg2 c6 6. O-O Bd6 7. b3 O-O 8. Ba3
Bxa3 9. Nxa3 Nbd7 10. b4 Ne4 11. Qb3 g5 12. Rad1 Ndf6 13. Ne5 f4 14. Nb1 (14.
c5) 14... Qe8 15. Nc3 Nd6 16. Rfe1 Qh5 17. e4 dxc4 18. Nxc4 Nxc4 19. Qxc4 Ng4
20. h3 fxg3 21. fxg3 Nf2 22. Rd2 Nxh3+ 23. Bxh3 Qxh3 24. Rg2 $6 (24. Re3 $11)
24... Bd7 (24... Rf3 $17) 25. e5 Rf5 26. Ne4 Raf8 27. Qe2 Qh6 28. Nf6+ R8xf6
29. exf6 Qxf6 30. Qe3 Kg7 31. Rf2 Rxf2 32. Qxf2 Qxf2+ 33. Kxf2 Kf6 34. Ke3 Be8
35. Rf1+ Ke7 36. Ke4 Bg6+ 37. Ke5 Bf5 38. Rh1 (38. b5 $18) 38... Kf7 39. Rh5
Kg6 40. Rh2 1-0

[Event "Ct. Catalunya eq DH"]
[Site "?"]
[Date "2013.01.19"]
[Round "1.8"]
[White "Degerhammar, T."]
[Black "Onna Amargant, J."]
[Result "1-0"]
[WhiteElo "2130"]
[BlackElo "2105"]
[PlyCount "87"]
[EventDate "2013.??.??"]
[EventType "tourn"]
[EventRounds "11"]

1. c4 c5 2. Nc3 Nc6 3. g3 g6 4. Bg2 Bg7 5. Nf3 Nf6 6. d4 cxd4 7. Nxd4 O-O 8.
O-O Nxd4 9. Qxd4 d6 10. Bg5 Be6 11. Qh4 Qc7 12. b3 Rfe8 13. Rac1 a6 14. e4 Ng4
15. Nd5 Bxd5 $2 (15... Qd7) 16. cxd5 Qd7 17. Bh3 f5 18. exf5 gxf5 19. Bxg4 fxg4
20. Rc4 $18 Rac8 21. Rxg4 Kh8 22. Re1 Qf5 23. Bxe7 Rc2 24. Rf4 Qxd5 25. Rfe4
Qf5 26. Qf4 $2 (26. Rf4 $18) 26... Qxf4 $14 27. gxf4 d5 28. Re6 Rxa2 29. f5 Rc8
$4 (29... Rg8 $11 30. Kf1 Bd4 31. Bf6+ Bxf6 32. Rxf6 Rb2 33. Rb6 d4 34. Rxb7 d3
35. f6 d2 36. Rd1 Rd8) 30. f6 $18 Bf8 31. Rb6 $2 (31. Bxf8 Rxf8 32. Re8 Rg8+ (
32... Kg8 33. R1e7 {#7}) 33. Kf1 $18) 31... Kg8 (31... d4 $16) 32. Rxb7 Re8 $2
(32... Rac2 $16) 33. f7+ Kxf7 34. Bh4+ Be7 35. Rexe7+ Rxe7 36. Rxe7+ Kg6 37.
Rd7 Ra5 38. Rd6+ Kf5 39. f3 Kf4 40. Rf6+ Ke3 41. Bf2+ Ke2 42. Kg2 Rb5 43. Rb6
d4 44. Rxb5 1-0

[Event "Ct. Catalunya eq DH"]
[Site "?"]
[Date "2013.01.19"]
[Round "1.8"]
[White "Subirats Ruiz, S."]
[Black "Bosque Ortega, X."]
[Result "1-0"]
[WhiteElo "2253"]
[BlackElo "2322"]
[PlyCount "89"]
[EventDate "2013.??.??"]
[EventType "tourn"]
[EventRounds "11"]

1. e4 c6 2. d4 g6 3. Bd3 Bg7 4. c3 d6 5. Nd2 e5 6. dxe5 dxe5 7. Nc4 Be6 8. Nf3
Bxc4 9. Bxc4 Qxd1+ 10. Kxd1 Nd7 11. Be3 Ngf6 12. Ng5 O-O 13. f3 h6 14. Nh3 Rfd8
15. Kc2 Bf8 16. a4 Kg7 17. Nf2 Bc5 18. Bxc5 Nxc5 19. b4 Ncd7 20. Rhd1 c5 21. b5
Nb6 22. Kb3 Ne8 23. Nd3 Nd7 24. Nb2 Rac8 25. a5 Kf6 26. Rd5 Ke7 27. Rad1 Nc7
28. Rd6 Ne8 29. R6d2 f6 30. Na4 Nb8 31. Rxd8 Rxd8 32. Rxd8 Kxd8 33. Nxc5 Nd6
34. Bd3 Nd7 35. Nxd7 Kxd7 36. c4 b6 37. a6 Ne8 38. c5 Kc7 39. Kc4 Ng7 40. cxb6+
Kxb6 41. Kd5 h5 42. Kd6 h4 43. g4 hxg3 44. hxg3 Nh5 45. Ke6 1-0

[Event "Ct. Catalunya eq DH"]
[Site "?"]
[Date "2013.01.19"]
[Round "1.9"]
[White "Bravo Barranco, N."]
[Black "Colls Gelaberto, E."]
[Result "1/2-1/2"]
[WhiteElo "2332"]
[BlackElo "2249"]
[PlyCount "48"]
[EventDate "2013.??.??"]
[EventType "tourn"]
[EventRounds "11"]

1. e4 c6 2. d4 d5 3. e5 Bf5 4. Nc3 e6 5. g4 Bg6 6. Nge2 c5 7. h4 f6 8. h5 Bf7
9. f4 Nc6 10. Be3 fxe5 11. fxe5 cxd4 12. Nxd4 Nge7 13. Nf3 Nc8 14. Bb5 Bb4 15.
Qd4 Qa5 16. O-O h6 17. Bxc6+ bxc6 18. Ne2 O-O 19. a3 Be7 20. b4 Qa6 21. Qd3 Qb7
22. c4 dxc4 23. Qxc4 Nb6 24. Qe4 Nd5 1/2-1/2

[Event "Ct. Catalunya eq DH"]
[Site "?"]
[Date "2013.01.19"]
[Round "1.9"]
[White "Pozanco Romasanta, M."]
[Black "Lopez Agustench, E."]
[Result "1/2-1/2"]
[WhiteElo "2188"]
[BlackElo "2231"]
[PlyCount "77"]
[EventDate "2013.??.??"]
[EventType "tourn"]
[EventRounds "11"]

1. d4 d5 2. c4 e6 3. Nc3 Be7 4. cxd5 exd5 5. Bf4 c6 6. Qc2 g6 7. e3 Bf5 8. Bd3
Bxd3 9. Qxd3 Nd7 10. Nge2 Ngf6 11. O-O O-O 12. Rad1 Re8 13. f3 a6 14. e4 Nf8
15. e5 Nh5 16. Be3 f5 17. h3 Ne6 18. g4 Nhg7 19. f4 Rf8 20. g5 Nh5 21. Kg2 Kg7
22. Rb1 a5 23. a4 Qb6 24. Kf3 Qa6 25. Qxa6 Rxa6 26. Rfd1 h6 27. h4 Rh8 28. Nc1
Kf7 29. Nb3 Nhg7 30. Rh1 Ra7 31. Na1 h5 32. Nc2 Rha8 33. b4 axb4 34. Nxb4 Bxb4
35. Rxb4 Nd8 36. Rhb1 Nge6 37. Bc1 Ke8 38. Be3 Kd7 39. Ra1 1/2-1/2

[Event "Ct. Catalunya eq DH"]
[Site "?"]
[Date "2013.01.19"]
[Round "1.9"]
[White "Rechi Perez, F."]
[Black "Gonzalez Alonso, F."]
[Result "1/2-1/2"]
[WhiteElo "2013"]
[BlackElo "1995"]
[PlyCount "68"]
[EventDate "2013.??.??"]
[EventType "tourn"]
[EventRounds "11"]

1. e4 c5 2. Nf3 Nf6 3. Nc3 d5 4. exd5 Nxd5 5. Bb5+ Bd7 6. Bxd7+ Qxd7 7. Nxd5
Qxd5 8. O-O e6 9. Qe2 Be7 10. d4 $6 cxd4 11. Rd1 O-O $6 (11... Nc6 12. c3 Rd8
13. cxd4 O-O $15) 12. Rxd4 Qa5 13. Bd2 Qb6 14. Bc3 Rd8 15. Rg4 f6 $4 (15... g6
$14) 16. Re1 $18 (16. Nd4 $142) 16... Nd7 $6 (16... Qa6) 17. Qxe6+ $2 (17. Ba5
$1 Qa6 18. Qxa6 bxa6 19. Bxd8 $18) 17... Qxe6 18. Rxe6 Kf7 $2 (18... Ne5 $14
19. Rxg7+ Kxg7 20. Rxe7+ Kg8 21. Rxb7) 19. Re1 $16 (19. Rxe7+ $16) 19... Bc5
20. Rh4 Nf8 21. Rhe4 Rd7 22. h4 Rad8 23. Kf1 a6 24. g4 Re7 25. Rxe7+ Bxe7 26.
g5 $14 Rd5 27. gxf6 gxf6 28. Kg2 Ng6 29. Re4 Bd6 30. Rd4 Rxd4 31. Bxd4 Ke6 32.
Be3 Be5 (32... Kf5 $142 $11) 33. h5 Ne7 34. Nxe5 Kxe5 $16 1/2-1/2

[Event "Ct. Catalunya eq DH"]
[Site "?"]
[Date "2013.01.19"]
[Round "1.9"]
[White "Rivas Garcia, V."]
[Black "Anguera Maestro, J."]
[Result "1/2-1/2"]
[WhiteElo "2320"]
[BlackElo "2247"]
[PlyCount "66"]
[EventDate "2013.??.??"]
[EventType "tourn"]
[EventRounds "11"]

1. e4 e5 2. Bc4 Bc5 3. Nf3 Nc6 4. c3 d6 5. Bb3 Nf6 6. d3 h6 7. Nbd2 O-O 8. h3
d5 9. Qe2 Be6 10. Bc2 d4 11. Nf1 a5 12. Ba4 Qd6 13. Ng3 Ne7 14. O-O Rad8 15. c4
Ng6 16. a3 c6 17. Bd2 Ra8 18. Rfb1 Qd7 19. b4 Be7 20. bxa5 Bd8 21. Qe1 Qc7 22.
Ne2 Nh5 23. Rb2 f5 24. Nexd4 exd4 25. Nxd4 Bc8 26. exf5 Ngf4 27. Bc2 Bf6 28.
Bc3 Qd7 29. Ne6 Bxc3 30. Nxf8 Qf7 31. Qb1 Qxf8 32. Rb3 Bxa1 33. Qxa1 Qxf5
1/2-1/2

[Event "Ct. Catalunya eq DH"]
[Site "?"]
[Date "2013.01.19"]
[Round "1.10"]
[White "Aalbersberg Kroon, P."]
[Black "Perez Dorado, J."]
[Result "0-1"]
[WhiteElo "1982"]
[BlackElo "1994"]
[PlyCount "69"]
[EventDate "2013.??.??"]
[EventType "tourn"]
[EventRounds "11"]

1. e4 c5 2. Nc3 Nc6 3. f4 d6 4. Bb5 Bd7 5. Nf3 a6 6. Bxc6 Bxc6 7. d3 e6 8. O-O
Ne7 9. Kh1 d5 10. Qe1 g6 11. Bd2 Bg7 12. Qh4 Ng8 13. Qh3 Ne7 14. Rae1 O-O 15.
Ng5 h6 16. Nf3 d4 17. Ne2 f5 18. Ng3 Rc8 19. Re2 c4 $6 20. Rfe1 (20. dxc4 fxe4
21. Nxe4 Nf5 22. Rfe1 $16) 20... cxd3 21. cxd3 Bb5 $2 (21... Rf7 $11) 22. exf5
Nxf5 23. Nxf5 $2 (23. Rxe6 $16) 23... exf5 24. Nh4 Kh7 25. Re7 Rc2 26. Bb4 Rxb2
27. a3 a5 28. Qg3 $2 (28. Rxg7+ Kxg7 29. Be7 Qb6 30. Bxf8+ Kxf8 31. Nxf5 gxf5
32. Qxf5+ Kg8 33. Qg4+ Kf7 34. Qh5+ Kg8 35. Qg4+ $11) 28... Rf6 $17 29. Rxg7+
Kxg7 30. Be7 Qb6 31. Bxf6+ Qxf6 32. h3 Bc6 33. Nf3 Bxf3 34. Qxf3 Qc6 35. Qd1 $4
0-1

[Event "Ct. Catalunya eq DH"]
[Site "?"]
[Date "2013.01.19"]
[Round "1.10"]
[White "Gonzalez Hernandez, F."]
[Black "Luna Cortes, L."]
[Result "1-0"]
[WhiteElo "2239"]
[BlackElo "2246"]
[PlyCount "131"]
[EventDate "2013.??.??"]
[EventType "tourn"]
[EventRounds "11"]

1. e4 c5 2. Nf3 d6 3. d4 cxd4 4. Qxd4 Nc6 5. Bb5 Bd7 6. Bxc6 Bxc6 7. Nc3 Nf6 8.
Bg5 Qa5 9. O-O-O e5 10. Qd3 Nd7 11. Kb1 b5 12. Nd2 Qb6 13. Nd5 Qb7 14. Nf1 Nc5
15. Qe2 a5 16. c3 b4 17. c4 h6 18. Bc1 Ba4 19. Re1 Bc6 20. Ng3 O-O-O 21. Be3
Kb8 22. Bxc5 dxc5 23. Nf5 g6 24. Nfe3 Bg7 25. Rd1 Bd7 26. g4 Be6 27. Qc2 Bd7
28. Rd2 Bc6 29. Rhd1 Rd7 30. Rd3 f6 31. R1d2 h5 32. Qd1 Rf7 33. f3 hxg4 34.
fxg4 Bh6 35. Qg1 Bg5 36. Re2 Rh3 37. Rd1 Bd7 38. Nf1 Qc6 39. Rg2 Bc8 40. Rg3
Rh4 41. Nd2 Bf4 42. Rg2 a4 43. Qf2 Rxg4 44. Rxg4 Bxg4 45. Rg1 Bh5 46. Nxf4 exf4
47. Qxf4+ Qc7 48. Rf1 Qxf4 49. Rxf4 Kc7 50. Kc2 Kd6 51. Kd3 Ke5 52. Ke3 Rd7 53.
Rh4 Bd1 54. Rh8 Rf7 55. Rd8 Rc7 56. Nf1 Bg4 57. Rd5+ Ke6 58. Kf4 Be2 59. Ne3
Rc8 60. Rd2 Bh5 61. Nd5 Rc6 62. h4 Kf7 63. a3 bxa3 64. bxa3 Kg7 65. Rb2 Be2 66.
Rxe2 1-0

[Event "Ct. Catalunya eq DH"]
[Site "?"]
[Date "2013.01.19"]
[Round "1.10"]
[White "Lillo Ferrer, JM."]
[Black "Asensio Liñan, T."]
[Result "1-0"]
[WhiteElo "2200"]
[BlackElo "2275"]
[PlyCount "145"]
[EventDate "2013.??.??"]
[EventType "tourn"]
[EventRounds "11"]

1. e4 Nf6 2. d3 d5 3. e5 Nfd7 4. f4 e6 5. Nf3 c5 6. c3 Nc6 7. Be2 Be7 8. O-O
O-O 9. d4 Qb6 10. Kh1 a5 11. b3 a4 12. bxa4 Qa5 13. Bb5 Na7 14. Bd3 g6 15. Bc2
Nc6 16. Bd2 Qa6 17. Be3 Na5 18. Nbd2 b6 19. Bf2 Bb7 20. Qe1 cxd4 21. Nxd4 Nc4
22. Nb5 Na3 23. Nxa3 Bxa3 24. Nf3 Qc4 25. Bd4 Be7 26. Bb3 Qc7 27. Qg3 Nc5 28.
Ng5 h6 29. Bxc5 Bxc5 30. Nxe6 fxe6 31. Qxg6+ Qg7 32. Qxe6+ Kh8 33. Rf3 Rae8 34.
Qh3 Bc8 35. Qh4 Bg4 36. Rff1 Be6 37. Rad1 Be7 38. Qe1 Bc5 39. Qd2 Rg8 40. f5
Bf7 41. e6 Bh5 42. f6 Qxg2+ 43. Qxg2 Rxg2 44. Kxg2 Bxd1 45. Rxd1 Rxe6 46. Rf1
Re2+ 47. Kh3 Bd6 48. Bxd5 h5 49. Rh1 Re3+ 50. Kh4 Re5 51. Bb3 Rf5 52. f7 Be7+
53. Kg3 Bd6+ 54. Kg2 Kg7 55. h3 Rg5+ 56. Kf3 Rg3+ 57. Ke4 Rxc3 58. Rg1+ Bg3 59.
Kd4 Rf3 60. Ke4 Rf4+ 61. Kd5 h4 62. Kc6 Kf8 63. Rd1 Rf6+ 64. Kb5 Ke7 65. Rd2
Bf4 66. Re2+ Kd7 67. Re8 Bh6 68. Rh8 Ke7 69. Rb8 Rf5+ 70. Kxb6 Rf3 71. Re8+ Kd7
72. a5 Rf6+ 73. Kb7 1-0

[Event "Ct. Catalunya eq DH"]
[Site "?"]
[Date "2013.01.19"]
[Round "1.10"]
[White "Ruiz Manchon, FX."]
[Black "Guasch Sariol, J."]
[Result "1/2-1/2"]
[WhiteElo "2154"]
[BlackElo "2181"]
[PlyCount "47"]
[EventDate "2013.??.??"]
[EventType "tourn"]
[EventRounds "11"]

1. e4 e6 2. d3 d5 3. Nd2 c5 4. Ngf3 Nc6 5. g3 Bd6 6. Bg2 Nge7 7. O-O O-O 8. Re1
Bc7 9. exd5 exd5 10. d4 c4 11. c3 h6 12. b3 cxb3 13. axb3 Bf5 14. Nf1 Qd7 15.
Ba3 Rfe8 16. Ne5 Nxe5 17. dxe5 Nc6 18. Qxd5 Qxd5 19. Bxd5 Bxe5 20. Rac1 Rad8
21. Ne3 Be6 22. Bxe6 Rxe6 23. Nc4 Rd3 24. Bb2 1/2-1/2